000
00342 a2200157 4500
001
150548
040
_c
Escola São Tomás de Aquino
100
_a
HARLOW, Rosie
240
1
0
_a
Árvores e folhas
_l
por
245
1
0
_a
Árvores e folhas
300
_a
40
362
0
_a
1998
440
1
_a
Melhoramentos
697
_a
CIÊNCIAS
942
_c
BK
999
_c
150548
_d
150548